Cross-Border Bank Resolution : Recent Developments.

Developing an effective framework for cross-border resolution is a key priority in international regulatory reform. Large bank failures during the global financial crisis brought home the lack of adequate tools for resolving 'too-big-to-fail' institutions. In cross-border cases, misaligned...

全面介紹

書目詳細資料
企業作者: International Monetary Fund
格式: 雜誌
語言:English
出版: Washington, D.C. : International Monetary Fund, 2014.
叢編:Policy Papers; Policy Paper ; No. 2014/011
在線閱讀:Full text available on IMF
LEADER 01580cas a2200241 a 4500
001 AALejournalIMF020155
008 230101c9999 xx r poo 0 0eng d
020 |c 5.00 USD 
020 |z 9781498343282 
022 |a 2663-3493 
040 |a BD-DhAAL  |c BD-DhAAL 
110 2 |a International Monetary Fund. 
245 1 0 |a Cross-Border Bank Resolution :   |b Recent Developments. 
264 1 |a Washington, D.C. :  |b International Monetary Fund,  |c 2014. 
300 |a 1 online resource (40 pages) 
490 1 |a Policy Papers 
500 |a <strong>Off-Campus Access:</strong> No User ID or Password Required 
500 |a <strong>On-Campus Access:</strong> No User ID or Password Required 
506 |a Electronic access restricted to authorized BRAC University faculty, staff and students 
520 3 |a Developing an effective framework for cross-border resolution is a key priority in international regulatory reform. Large bank failures during the global financial crisis brought home the lack of adequate tools for resolving 'too-big-to-fail' institutions. In cross-border cases, misaligned incentives and lack of robust mechanisms for resolution and cross-border cooperation left some country authorities with little choice but to take unilateral actions, which contributed to the high fiscal costs of the crisis and resulted in disorderly resolution in some cases. 
538 |a Mode of access: Internet 
830 0 |a Policy Papers; Policy Paper ;  |v No. 2014/011 
856 4 0 |z Full text available on IMF  |u http://elibrary.imf.org/view/journals/007/2014/011/007.2014.issue-011-en.xml  |z IMF e-Library